مكتبة جامعة عجلون الوطنية

فهرس بحث المكتبة

Normal view MARC view
  • النعيمات ، موسى جميل ، إشراف المهدي ، نزية محمد الصادق

Entry Personal Name

Number of records used in: 1

001 - CONTROL NUMBER

  • control field: 12750

003 - CONTROL NUMBER IDENTIFIER

  • control field: JO-AjAnu

005 - DATE AND TIME OF LATEST TRANSACTION

  • control field: 20230606072337.0

008 - FIXED-LENGTH DATA ELEMENTS

  • fixed length control field: 230606|| aca||aabn | a|a d

040 ## - CATALOGING SOURCE

  • Original cataloging agency: JO-AjAnu
  • Transcribing agency: JO-AjAnu

100 ## - HEADING--PERSONAL NAME

  • Personal name: النعيمات ، موسى جميل ، إشراف المهدي ، نزية محمد الصادق

670 ## - SOURCE DATA FOUND

  • Source citation: Work cat.: (JO-AjAnu)6561: النعيمات ، موسى جميل ، إشراف المهدي ، نزية محمد الصادق , author, النظرية العامة للتأمين من المسئولية المدنية مع أستعراض لنصوص تشريعات التأمين الاجباري من المسئولية الناجمة عن استعمال المركبات في كل من التشريع الأردني والمصري والإنجليزي " دراسة مقارنة "